Datum a čas kvízu
32
Celkem bodů
Celkový počet nahraných bodů na tomto kvízu bez doplňovacích otázek.
2.
Pořadí na kvízu
Konečné umístění týmu na tomto kvízu.
Zaznamenané odpovědi
| # | Otázka | Odpověď | Body | Výsledky |
|---|---|---|---|---|
| 1. | Který vysoce postavený český p... | Petr Pavel | 1 | |
| 2. | Většina evropských zemí přešla... | o Libanonu | 1 | |
| 3. | Minulý týden bylo oznámeno, že... | Bohumil Hrabal | 0 | |
| 4. | Která zahraniční společnost, p... | Tesla | 1 | |
| 5. | Lionel Messi se definitivně za... | odhalení sochy | 1 | |
| 6. | V tomto tématu bude vaším úkol... | Tři veteráni | 1 | |
| 7. | Vyberte jméno, které patří do... | A | 1 | |
| 8. | Seřaďte následující hlášky pod... | 1A 2C 3B 4D | 0 | |
| 9. | Věta „Děda je hodný, ale překá... | Na samotě u lesa, Komárek | 1 | |
| 10. | Dvěma slovy dokončete hlášku z... | horší cesta | 1 |